Statystyki dla Duńskie regiony

Kliknij tutaj aby rozwiązać quiz!

Ogólne statystyki

  • Ten quiz został rozwiązany 10 razy
  • Średni wynik to 3 z 5

Statystyki odpowiedzi

Region% Poprawnych
Zelandia
83%
Jutlandia Północna
67%
Dania Południowa
33%
Jutlandia Środkowa
33%
Region Stołeczny
33%

Rozkład punktacji

Percentyl według liczby udzielonych odpowiedzi

Procent ludzi z każdym wynikiem

Twoja historia wyników

Nie rozwiązałeś tego quizu